Y se llamaban Mahmud y Ayaz : (Record no. 193091)

MARC details
000 -LEADER
campo de control de longitud fija 02306nam a2200445 i 4500
001 - NÚMERO DE CONTROL
campo de control 193091
003 - IDENTIFICADOR DE NÚMERO DE CONTROL
campo de control SpMaBN
005 - FECHA Y HORA DE LA ÚLTIMA TRANSACCIÓN
campo de control 20250720091905.0
007 - CAMPO FIJO DE DESCRIPCIÓN FÍSICA--INFORMACIÓN GENERAL
campo de control de longitud fija ta
008 - DATOS DE LONGITUD FIJA--INFORMACIÓN GENERAL
campo de control de longitud fija 230727s2014 sp a 000 pdspa
015 ## - NÚMERO DE BIBLIOGRAFÍA NACIONAL
Número de bibliografía nacional MON14
017 ## - NÚMERO DE COPYRIGHT O DE DEPÓSITO LEGAL
Número de copyright o de depósito legal M 17031-2014
Agencia que asigna Oficina Depósito Legal Madrid
020 ## - NÚMERO INTERNACIONAL ESTÁNDAR DEL LIBRO
Número Internacional Estándar del Libro 9788416149421
035 ## - NÚMERO DE CONTROL DEL SISTEMA
Número de control de sistema (OCoLC)982077042
035 ## - NÚMERO DE CONTROL DEL SISTEMA
Número de control de sistema a5925615
040 ## - FUENTE DE CATALOGACIÓN
Centro catalogador/agencia de origen SpMaBN
Lengua de catalogación spa
Centro/agencia transcriptor SpMaBN
Normas de descripción rdc
Centro/agencia modificador ES-MaACL
080 ## - NÚMERO DE LA CLASIFICACIÓN DECIMAL UNIVERSAL
Número de la Clasificación Decimal Universal 821.134.2-14"19"
080 ## - NÚMERO DE LA CLASIFICACIÓN DECIMAL UNIVERSAL
Número de la Clasificación Decimal Universal 316.367.7(55)(0:82)
100 1# - ENTRADA PRINCIPAL--NOMBRE DE PERSONA
Nombre de persona Lucía Megías, José Manuel,
Fechas asociadas al nombre 1967-
Número de control del registro de autoridad o número normalizado XX1067264
Término indicativo de función/relación Autor
9 (RLIN) 240291
245 10 - MENCIÓN DEL TÍTULO
Título Y se llamaban Mahmud y Ayaz :
Resto del título (seis voces en el silencio) /
Mención de responsabilidad, etc. José Manuel Lucía Megías
250 ## - MENCION DE EDICION
Mención de edición 3ª ed. corregida
260 ## - PUBLICACIÓN, DISTRIBUCIÓN, ETC.
Lugar de publicación, distribución, etc. Colmenar Viejo (Madrid) :
Nombre del editor, distribuidor, etc. Amargord,
Fecha de publicación, distribución, etc. 2014
300 ## - DESCRIPCIÓN FÍSICA
Extensión 93 p. :
Otras características físicas il. ;
Dimensiones 21 cm
336 ## - TIPO DE CONTENIDO
Término de tipo de contenido Texto (visual)
Fuente isbdcontent
337 ## - TIPO DE MEDIO
Nombre/término del tipo de medio sin mediación
Fuente isbdmedia
338 ## - TIPO DE SOPORTE
Fuente rdacarrier
Nombre/término del tipo de soporte volumen
490 1# - MENCIÓN DE SERIE
Mención de serie Colección Transatlántica. Portbou ;
Designación de volumen o secuencia 7
520 ## - RESUMEN, ETC.
Sumario, etc. En la poesía íntima que alimenta esta obra está presente, junto a la celebración amorosa, la denuncia del caso real de dos jóvenes amantes iraníes, Mahmud y Ayaz, a quienes la cruel ceguera de una sentencia injusta llevó al abismo de la muerte, cuando el único delito que cometieron en su breve existencia fue amarse con una devoción sin límites. Voces en el silencio trata de esas voces que fueron silenciadas y que, pugnando por abrirse paso, se han ido convirtiendo en un clamor que pide libertad y que demanda igualdad ante la ley y respeto por la diferencia en la parte del mundo que niega esos derechos fundamentales.
650 #0 - PUNTO DE ACCESO ADICIONAL DE MATERIA--TÉRMINO DE MATERIA
Término de materia o nombre geográfico como elemento de entrada Homosexualidad-
Subdivisión de forma Poesías
9 (RLIN) 233928
655 #7 - TERMINO DE INDIZACIÓN--GENERO/FORMA
Datos o término principal de género/forma Poesías sociales
Fuente del término tgfbne
9 (RLIN) 233929
655 #7 - TERMINO DE INDIZACIÓN--GENERO/FORMA
Datos o término principal de género/forma Poesías
Fuente del término tgfbne
9 (RLIN) 176539
830 ## - PUNTO DE ACCESO ADICIONAL DE SERIE-TÍTULO UNIFORME
Título uniforme Colección Transatlántica.
Nombre de parte o sección de la obra Portbou
9 (RLIN) 233930
852 ## - LOCALIZACIÓN
Ubicación Es-MaACL
Sublocalización o colección R. 154557
Ubicación en estantería Depósito J
Número de control de estantería N-9083
Anotaciones manuscritas Firmado, dedicado e ilustrado por el autor
Donativo/Legado Donación: José Manuel Lucía Megías
Encuadernación Rústica
itemnumber 200399
903 ## - NOMBRE PERSONAL DE DONANTE
a Lucía Megías, José Manuel,
d 1967-
e Donante
9 240291
942 ## - ELEMENTOS DE ENTRADA SECUNDARIOS (KOHA)
Suprimir en OPAC No
Tipo de ítem Koha Libro impreso
Holdings
Estatus retirado Estado de pérdida Fuente del sistema de clasificación o colocación Estado de daño No para préstamo Colección Biblioteca de origen Biblioteca actual Ubicación en estantería Fecha de adquisición Fuente de adquisición Número de control de estantería Total de préstamos Signatura topográfica completa Código de barras Visto por última vez Precio de reemplazo Tipo de ítem Koha Nota pública
    Clasificación decimal universal     Libros con dedicatorias Biblioteca del Ateneo de Madrid Biblioteca del Ateneo de Madrid Depósito J 09/06/2023 Donación Ateneísta   N-9083 101205692 27/07/2023 27/07/2023 Libro impreso Dedicatoria autógrafa del autor